مكتبة جامعة عجلون الوطنية

فهرس بحث المكتبة

بناء الجملة الأسمية في خطب الخلفاء الراشدين (دراسة نحوية دلالية) = (The Structure of the Nominal Sentences in the Sermons of the Rightly Guided Caliphs (Semantic Grammatical Study(=) (Record no. 34176)

MARC details
000 -LEADER
fixed length control field 00876nam a22001817a 4500
003 - CONTROL NUMBER IDENTIFIER
control field JO-AjAnu
005 - DATE AND TIME OF LATEST TRANSACTION
control field 20260419075057.0
008 - FIXED-LENGTH DATA ELEMENTS--GENERAL INFORMATION
fixed length control field 260419b jo ||||| |||| 00| 0 ara d
040 ## - CATALOGING SOURCE
Original cataloging agency ANU
Transcribing agency JO-AjAnu
041 ## - LANGUAGE CODE
Language code of original ARA
100 ## - MAIN ENTRY--PERSONAL NAME
Personal name الزعبي، عمر أحمد عايد
Relator term معد
9 (RLIN) 66947
245 ## - TITLE STATEMENT
Title بناء الجملة الأسمية في خطب الخلفاء الراشدين (دراسة نحوية دلالية) = (The Structure of the Nominal Sentences in the Sermons of the Rightly Guided Caliphs (Semantic Grammatical Study(=)
Statement of responsibility, etc. / عمر احمد عايد الزعبي؛ اشراف زهير محمد العرود
260 ## - PUBLICATION, DISTRIBUTION, ETC.
Place of publication, distribution, etc. عجلون:
Name of publisher, distributor, etc. جامعة عجلون الوطنية؛
Date of publication, distribution, etc. 2025
300 ## - PHYSICAL DESCRIPTION
Extent 121 ورقة
650 ## - SUBJECT ADDED ENTRY--TOPICAL TERM
Form subdivision اللغة العربية-قواعد-نحو
700 ## - ADDED ENTRY--PERSONAL NAME
Personal name العرود، زهير محمد
Relator term مشرف
9 (RLIN) 66948
942 ## - ADDED ENTRY ELEMENTS (KOHA)
Source of classification or shelving scheme Library of Congress Classification
Koha item type Thesis
Suppress in OPAC No
Holdings
Withdrawn status Lost status Source of classification or shelving scheme Damaged status Not for loan Home library Current library Date acquired Total Checkouts Full call number Barcode Date last seen Price effective from Koha item type
    Library of Congress Classification     مكتبة جامعة عجلون الوطنية مكتبة جامعة عجلون الوطنية 19/04/2026   PJ6151.2025 A30649 19/04/2026 19/04/2026 Thesis
    Library of Congress Classification     مكتبة جامعة عجلون الوطنية مكتبة جامعة عجلون الوطنية 19/04/2026   PJ6151.2025 A30648 19/04/2026 19/04/2026 Thesis